Justice: Interdisciplinary perspectives. (Record no. 615)

MARC details
000 -LEADER
fixed length control field 00461nam a2200157Ia 4500
008 - FIXED-LENGTH DATA ELEMENTS--GENERAL INFORMATION
fixed length control field 240428s9999||||xx |||||||||||||| ||und||
020 ## - INTERNATIONAL STANDARD BOOK NUMBER
International Standard Book Number 9780521415033
041 ## - LANGUAGE CODE
Language code of text/sound track or separate title fre
100 ## - MAIN ENTRY--PERSONAL NAME
Personal name Scherer, R. Klaus
245 #0 - TITLE STATEMENT
Title Justice: Interdisciplinary perspectives.
260 ## - PUBLICATION, DISTRIBUTION, ETC.
Name of publisher, distributor, etc. Cambridge University Press
Place of publication, distribution, etc. Cambridge
Date of publication, distribution, etc. 1992
300 ## - PHYSICAL DESCRIPTION
Extent xi, 302p, tabs, illus
650 ## - SUBJECT ADDED ENTRY--TOPICAL TERM
Topical term or geographic name entry element Sociological jurisprudence. - Distributive justice. - Justice.
942 ## - ADDED ENTRY ELEMENTS (KOHA)
Koha item type Books
Holdings
Withdrawn status Lost status Damaged status Not for loan Home library Current library Shelving location Date acquired Total checkouts Full call number Date last seen Copy number Price effective from Koha item type
        Main Library Main Library Open Shelves 11/02/2022   340.115J, 00920 C1 29/04/2024 1 29/04/2024 Books
©2026  Parliament of Ghana Library - All rights reserved